Practice issues for the beginning counselor

Bibliographic Details
Main Author: Hackney, Harold
Format: Book
Published: Boston : Allyn and Bacon , 2000
Subjects:

MARC

LEADER 00000cam a2200000 7i4500
001 0000010754
005 20050614.0
020 |a 0205306497 
040 |a INS 
090 0 0 |a BF637.C6.   |b H255 2000 
100 1 |a Hackney, Harold 
245 1 0 |a Practice issues for the beginning counselor   |c Harold Hackney 
260 |a Boston :   |b Allyn and Bacon ,   |c 2000 
300 |a xiip :   |b 260p ;   |c 24cm. 
500 |a Includes bibliographical references (p. 246 - 255) and index 
650 0 0 |a Counseling 
999 |a 0000012952   |b BOOK   |c Open Shelf   |e Default branch